Städte ohne Hauptbahnhof - Statistiken

Allgemein
  • Dieses Quiz wurde 77 mal gespielt
  • Das Durchschnittsergebnis liegt bei 6 aus 16
Antwortstatistiken
Hint Antwort % Korrekt
Thüringen Jena
67%
Schleswig-Holstein Flensburg
60%
Nordrhein-Westfalen Leverkusen
57%
Niedersachsen Göttingen
52%
Niedersachsen Salzgitter
45%
Hessen Gießen
43%
Nordrhein-Westfalen Moers
38%
Nordrhein-Westfalen Bergisch Gladbach
36%
Nordrhein-Westfalen Düren
34%
Baden-Württemberg Esslingen
34%
Baden-Württemberg Konstanz
31%
Nordrhein-Westfalen Marl
29%
Baden-Württemberg Ludwigsburg
28%
Nordrhein-Westfalen Ratingen
19%
Baden-Württemberg Villingen-Schwenningen
19%
Nordrhein-Westfalen Iserlohn
16%
Keine übereinstimmenden Quizze gefunden
Verteilung der Resultate
Anzahl Personen mit jedem Resultat
Perzentil nach korrekt beantworteten Fragen
Ihre Resultats-Entwicklung
Sie haben dieses Quiz noch nicht gespielt